01377nam a22002297a 45000010005000000030006000050050017000110080041000280200019000690400033000880500016001210820013001371000033001502450038001832600033002213000025002545050007002795200804002865210018010905210018011087000021011263992FISKH20240529125831.0240529b cb ||||| |||| 00| 0 eng d a9780062225733  aFISKH beng cFISKH dFISKH  aPR6066.R34  a823.914  aPratchett Terry d1948-2015  aWyrd Sisters / cTerry Pratchett  aNew York : bHarper, c2013  a360 pages : c20 cm  aM  aTerry Pratchett's fantasy classic Wyrd Sisters, a novel in the Discworld series, is the story of Granny Weatherwax, the most highly regarded non-leader a coven of non-social witches could ever have. Generally, these loners don't get involved in anything, much less royal intrigue. But then there are those times they can't help it. As Granny Weatherwax is about to discover, though, it's a lot harder to stir up trouble in the castle than some theatrical types would have you think. Even when you've got a few unexpected spells up your sleeve. Granny Weatherwax teams with two other witches - Nanny Ogg and Margat Garlick - as an unlikely alliance to save a prince and restore him to the throne of Lancre, in a tale that borrows - or is it parodies - some of William Shakespeare's best-loved works. 8 a700 bLexile 8 aM bRaz-Plus  aTerry Pratchett